Taylor Swift Track 3 Songs - Sudden Death - Statistics

General Stats
  • This quiz has been taken 146 times
  • The average score is 4 of 8
Answers on the Grid
Answers color-coded by a green-red scale on the quiz's grid according to % correct below.
Blank Space
Treacherous
I Did Something Bad
Speak Now
Down Bad
Anti-Hero
Love Story
The Man
Teardrops On My Guitar
cardigan
Back To December
Red
You Belong With Me
Style
gold rush
The Tortured Poets Department
 
Answer Stats
Answer % Correct
Treacherous
70%
I Did Something Bad
67%
Anti-Hero
57%
Back To December
47%
Teardrops On My Guitar
40%
Love Story
37%
Style
37%
gold rush
33%
No matching quizzes found
Score Distribution
Percent of People with Each Score
Percentile by Number Answered
Your Score History
You have not taken this quiz